Meilleurs sons de Freeze corleone - Statistiques

Statistiques générales
  • Ce quiz a été pris 1 761 fois
    627 depuis la dernière actualisation
  • Le résultat moyen est 7 sur 15
Statistiques - réponses
Rang Titres Streams % Correct
2 Freeze Raël 87,6M
96%
5 Shavkat 45,7M
69%
7 Rap catéchisme (ft. Alpha Wann) 36,2M
53%
3 DRILL FR 4 (ft. Gazo) 60,6M
52%
10 Hors ligne 30,1M
52%
14 Intro 19,8M
52%
4 Polémique (ft. Central Cee) 45,7M
49%
13 Desiigner 20,1M
43%
1 Eurovision (ft. Central Cee, Rondodasosa, Baby Gang, A2 Anti, Morad, Beny Jr, ASHE 22) 110,5M
41%
15 MW2 18,7M
38%
8 7 sur 7 (ft. Koba LaD) 34,5M
32%
6 Mannschaft (ft. SCH) 45,7M
26%
9 Scellé part.2 (ft. ASHE 22) 32,3M
26%
12 Apocalypse (ft. Kaaris, Kalash Criminel) 22,0M
22%
11 Téléphone 24,3M
22%
Aucun quiz correspondant
Distribution des résultats
% des personnes avec chaque résultat
Percentile par nombre de réponses
Votre historique - résultats
Vous n’avez pas pris ce quiz depuis la dernière actualisation